Country Names in Their Native Language - Statistics

General Stats
  • This quiz has been taken 60 times
  • The average score is 155 of 196
Answer Stats
Hint Country % Correct
Sierra Leone Sierra Leone
96%
Gabon Gabon
92%
မြန်မာ (Myanmar) Myanmar
92%
Andorra Andorra
88%
Angola Angola
88%
Australia Australia
88%
Barbados Barbados
88%
Беларусь (Bjelarús) Belarus
88%
België, Belgique, Belgien Belgium
88%
Brunei Brunei
88%
Cuba Cuba
88%
Danmark Denmark
88%
Ecuador Ecuador
88%
Federated States of Micronesia Federated States of Micronesia
88%
Indonesia Indonesia
88%
ایران, Īrān Iran
88%
Кыргызстан (Kirgizstan), Kyrgyzstan
88%
Lesotho Lesotho
88%
Lëtzebuerg, Luxembourg, Luxemburg Luxembourg
88%
Malawi Malawi
88%
Монгол (Mongol), ᠮᠣᠩᠭᠣᠯ Mongolia
88%
Namibia Namibia
88%
Najer, Niger Niger
88%
Македонија (Makedonija), Maqedonia/Maqedonisë North Macedonia
88%
Norge Norway
88%
پاکستان (Pākistān) Pakistan
88%
Papua Niugini Papua New Guinea
88%
Portugal Portugal
88%
(قطر) Qaṭar Qatar
88%
Россия (Rossiya/Rossija) Russia
88%
u Rwanda, Rwandaise, Rwanda Rwanda
88%
Slovenija Slovenia
88%
España Spain
88%
Suriname Suriname
88%
Тоҷикистон (Tojikiston) Tajikistan
88%
The Gambia The Gambia
88%
Türkmenistan Turkmenistan
88%
Zambia Zambia
88%
افغانستان (Afghānestān) Afghanistan
85%
Azərbaycan Azerbaijan
85%
البحرين (al-Bahrayn) Bahrain
85%
Bénin Benin
85%
Bosna i Hercegovina, Босна и Херцеговина Bosnia and Herzegovina
85%
Botswana Botswana
85%
Brasil Brazil
85%
Burkina Faso Burkina Faso
85%
Le Canada Canada
85%
Chile Chile
85%
Česko / Česká Republika Czechia
85%
République Démocratique du Congo Democratic Republic of the Congo
85%
República Dominicana Dominican Republic
85%
Guinée Équatoriale, Guiné Equatorial. Guinea Ecuatorial Equatorial Guinea
85%
ኤርትራ (Ertra), إريتريا, Eritrea Eritrea
85%
weSwatini Eswatini
85%
Deutschland Germany
85%
Grenada Grenada
85%
Guinée Guinea
85%
Guyana Guyana
85%
Honduras Honduras
85%
Italia Italy
85%
Côte d'Ivoire Ivory Coast
85%
Jamaica Jamaica
85%
Kenya Kenya
85%
Kiribati Kiribati
85%
Kosovë, Косово Kosovo
85%
الكويت (al-Kuwayt) Kuwait
85%
Laos Laos
85%
Latvija Latvia
85%
Madagasikara, Madagascar Madagascar
85%
Moldova Moldova
85%
Nederland Netherlands
85%
Nigéria Nigeria
85%
Paraguáype, Paraguay Paraguay
85%
Polska Poland
85%
République du Congo Republic of the Congo
85%
România Romania
85%
Saint Kitts and Nevis Saint Kitts and Nevis
85%
Saint Lucia Saint Lucia
85%
Saint Vincent & the Grenadines Saint Vincent & the Grenadines
85%
المملكة العربية السعودية (al-ʿArabiyyah al-Suʿūdiyyah) Saudi Arabia
85%
Sesel, Seychelles Seychelles
85%
Singapura, சிங்கப்பூர் (Cingkappur Kudiyarasu), 新加坡 (Xinjiapo), Singapore Singapore
85%
Slovenská Slovakia
85%
Soomaaliya, الصومال (al-Sumal) Somalia
85%
Mzantsi Afrika South Africa
85%
South Sudan South Sudan
85%
ශ්‍රී ලංකා (Shri Lanka), ஸ்ரீலங்கா Sri Lanka
85%
السودان (al-Sūdān) Sudan
85%
台湾 (táiwān) / 台灣 (tái wān) Taiwan
85%
Tanzania Tanzania
85%
Tonga Tonga
85%
Trinidad and Tobago Trinidad and Tobago
85%
تونس (al-Tūnisiyyah / Tunis) Tunisia
85%
Türkiye Turkey
85%
Україна (Ukrayina / Ukraina) Ukraine
85%
United Kingdom United Kingdom
85%
United States United States
85%
Òzbekiston / O‘zbekiston Uzbekistan
85%
Vanuatu Vanuatu
85%
Città del Vaticano, Civitas Vaticana Vatican City
85%
Việt Nam Vietnam
85%
Antigua and Barbuda Antigua and Barbuda
81%
Argentina Argentina
81%
Österreich Austria
81%
Bahamas Bahamas
81%
Belize Belize
81%
Bolivia Bolivia
81%
България (Bulgariya/Bŭlgaria) Bulgaria
81%
Burundi, Uburundi Burundi
81%
Cameroon, Cameroun Cameroon
81%
République Centrafricaine, République ti Afrika ti Mbongo Central African Republic
81%
Colombia Colombia
81%
Costa Rica Costa Rica
81%
Dominica Dominica
81%
Timor-Leste East Timor
81%
El Salvador El Salvador
81%
Suomi, Finland Finland
81%
la France France
81%
Ghana Ghana
81%
Guatemala Guatemala
81%
Haïti, Ayiti Haiti
81%
Ísland Iceland
81%
العراق (al-ʿIrāq), عێراق (al-ʕI-raq) Iraq
81%
ישראל (Yisraʾel), إسرائيل (Isrāʾīl) Israel
81%
日本 (Nihon/Nippon) Japan
81%
Қазақстан (Qazaqstan), Казахстан (Kazakhstan) Kazakhstan
81%
Liberia Liberia
81%
ليبيا (Lībiyyah) Libya
81%
Liechtenstein Liechtenstein
81%
Malaysia Malaysia
81%
Mali Mali
81%
Malta Malta
81%
México Mexico
81%
Monaco Monaco
81%
Moçambique Mozambique
81%
Nicaragua Nicaragua
81%
عمان (ʿUmān/Amman) Oman
81%
Perú Peru
81%
Sāmoa Samoa
81%
San Marino San Marino
81%
São Tomé e Príncipe São Tomé and Príncipe
81%
Sénégal Senegal
81%
Srbija (Србија) Serbia
81%
Solomon Islands Solomon Islands
81%
Schweiz, Suisse, Svizzera, Svizra Switzerland
81%
ประเทศไทย (Prathet Thai) Thailand
81%
Togo Togo
81%
Tuvalu Tuvalu
81%
Uganda Uganda
81%
iZimbabwe, Zimbabwe Zimbabwe
81%
កម្ពុជា (Kâmpŭchéa) Cambodia
77%
中國 / 中国 (zhōngguó) China
77%
Komori, جزر القمر (Juzur al-qamar), Comores Comoros
77%
Κύπρος (Kypros), Kıbrıs Cyprus
77%
جيبوتي (Jibuti), Djibouti Djibouti
77%
Guiné-Bissau Guinea-Bissau
77%
Magyarország Hungary
77%
Éire Ireland
77%
Maurice Mauritius
77%
Panamá Panama
77%
Pilipinas Philippines
77%
Sverige Sweden
77%
سوريا (Suriya/al-Sūriyyah) Syria
77%
Uruguay Uruguay
77%
Venezuela Venezuela
77%
Tchad, تشاد (Tshad) Chad
73%
Ελλάδα (Elláda) Greece
73%
لبنان (Lubnan) Lebanon
73%
বাংলাদেশ (baṅladex, baṅladeś) Bangladesh
69%
Eesti Estonia
69%
Viti, फ़िजी Fiji
69%
Lietuvo Lithuania
69%
Naoero Nauru
69%
اليمن (al-Yamaniyyah / alyaman) Yemen
69%
Hrvatska Croatia
65%
موريتانيا (al-Mūrītāniyyah) Mauritania
65%
Belau Palau
65%
Cabo Verde, Kabu Verdi Cabo Verde
62%
대한민국 (Daehan Minguk) South Korea
62%
Itoopiya, ኢትዮጵያ Ethiopia
58%
الإمارات العربية المتحدة (Al-Imārāt al-ʿArabiyyah al-Muttaḥidah) United Arab Emirates
54%
الأردن (al-urdun) Jordan
50%
नेपाल Nepal
50%
Aotearoa New Zealand
50%
북한 (Bukhan) North Korea
50%
الجزائر (al-Jazāʾir) Algeria
46%
المغرب (al-Maghrib) Morocco
46%
مصر (Misr) Egypt
42%
भारत (Bhārat) India
42%
Shqipëria Albania
38%
རྫོང་ཁ (d͡zòŋkʰɑ́) Bhutan
38%
საქართველო (Sakartvelo) Georgia
35%
Црна Гора (Crna Gora) Montenegro
35%
Հայաստան (Hayastan) Armenia
31%
ދިވެހިރާއްޖެ (Dhivehi) Maldives
27%
Majol Marshall Islands
15%
No matching quizzes found
Score Distribution
Percent of People with Each Score
Percentile by Number Answered
Your Score History
You have not taken this quiz